000 00759nam a22002295i 4500
001 152877
003 ES-MaACL
005 20251014063217.0
008 980916s1844 fr |||| | fre d
040 _aCCPB | B
_bspa
_cCCPB | B
100 1 _aBurnouf, Eugène,
_d1801-1852
_9126243
245 1 0 _aIntroduction a l'histoire du buddhisme indien /
_cpar E. Burnoouf.
260 _aParis :
_bImprimerie royale,
_c1844.
300 _aV, 647 p. ;
_c31 cm.
500 1 _aSegún Brunet, sólo se publicó un v.
510 4 _aBrunet,
_c2258
650 _aBudismo-
_xHistoria.
_9221951
710 2 _aImprimerie Royale (París),
_eed.
_9134497
752 _aFrancia -
_dParís
852 _aES-MaACL
_jG-11362
_z-- Enc. hol.
999 _c152877
_d152877